Organizacije udruženog rada vanprivrednih delatnosti 1980 društvene delatnosti i organi uprave prema kompleksnom godišnjem izveštaju KGI-02

Guardado en:
Detalles Bibliográficos
Formato: Libro
Lenguaje:serbio
Publicado: Beograd Savezni zavod za statistiku 1982
Colección:Statistički bilten broj 1316
Etiquetas: Agregar Etiqueta
Sin Etiquetas, Sea el primero en etiquetar este registro!

MARC

LEADER 00000nam a2200000 4500
001 c129256
005 20250701083553.1
041 0 |a srp 
044 |a YU 
245 1 0 |a Organizacije udruženog rada vanprivrednih delatnosti 1980  |b društvene delatnosti i organi uprave prema kompleksnom godišnjem izveštaju KGI-02 
264 1 |a Beograd  |b Savezni zavod za statistiku  |c 1982 
300 |a 40 s. 
490 1 |a Statistički bilten  |v broj 1316 
830 0 |a Statistički bilten  |v broj 1316